Länder mit der längsten Küstenlinie - Statistiken

Allgemein
  • Dieses Quiz wurde 85 mal gespielt
  • Das Durchschnittsergebnis liegt bei 14 aus 20
Antwortstatistiken
Länge (in km) Land % Korrekt
37.700 Russland
97%
202.000 Kanada
92%
26.100 Australien
91%
14.500 China
89%
22.500 USA
89%
7.000 Chile
86%
7.500 Brasilien
84%
29.800 Japan
84%
9.300 Mexiko
80%
87.000 Norwegen
80%
6.600 Spanien
78%
54.700 Indonesien
72%
7.600 Italien
67%
12.400 Frankreich
64%
15.400 Neuseeland
63%
36.300 Philippinen
56%
52.500 Dänemark
55%
7.200 Türkei
44%
13.700 Griechenland
42%
15.600 Vereinigtes Königreich
30%
Keine übereinstimmenden Quizze gefunden
Verteilung der Resultate
Anzahl Personen mit jedem Resultat
Perzentil nach korrekt beantworteten Fragen
Ihre Resultats-Entwicklung
Sie haben dieses Quiz noch nicht gespielt